|
|
|
|
| LEADER |
00842nam a2200193Ia 4500 |
| 001 |
CTU_15207 |
| 008 |
210402s9999 xx 000 0 und d |
| 082 |
|
|
|a 809
|
| 082 |
|
|
|b T528/1996
|
| 100 |
|
|
|a Phạm Thị Mai Tuyết
|
| 245 |
|
0 |
|a Những vấn đề cơ bản của việc đánh giá văn học Việt nam 1945 - 1975 được bàn đến trong tạp chí văn học và báo văn nghệ năm 1995
|
| 245 |
|
0 |
|b Luận văn tốt nghiệp Đại học Sư phạm ngành Văn Khóa 18
|
| 245 |
|
0 |
|c Phạm Thị Mai Tuyết
|
| 260 |
|
|
|a Cần Thơ
|
| 260 |
|
|
|b Trường Đại học Cần Thơ, Khoa Sư phạm
|
| 260 |
|
|
|c 1996
|
| 650 |
|
|
|a vienamese literature - history and criticism
|
| 904 |
|
|
|i chi, 961205
|
| 980 |
|
|
|a Trung tâm Học liệu Trường Đại học Cần Thơ
|